My Hero Academia Trivia (Hard) - Statistics

General Stats
  • This quiz has been taken 1,345 times
  • The average score is 7 of 15
Answer Stats
Hint Answer % Correct
All Might's Former Sidekick Sir Nighteye
78%
Quirk: Tail Mashirao Ojiro
77%
Tamaki Amajiki's Hero Name Suneater
76%
Quirk: Voice Present Mic
72%
Quirk: Cremation Dabi
65%
Kid Who Hated Quirks Kota
61%
Passed One For All to All Might Nana Shimura
57%
Class 1-B Teacher Vlad King
52%
Creator of MHA Kohei Horikoshi
47%
Quirk: Gecko Spinner
38%
Quirk: Wave Motion Nejire Hado
25%
Overhaul's Yakuza Goup Shie Hassaikai
22%
Japanese City That MHA Takes Place Musutafu
12%
Quirk: Jet Gran Turino
8%
High School That Inasa Yoarashi Goes To Shiketzu High
3%
No matching quizzes found
Score Distribution
Percent of People with Each Score
Percentile by Number Answered
Your Score History
You have not taken this quiz